A Pénzvilág. - 4.évf. (1914) 1. sz.
Elmentve itt :
| Dokumentumtípus: | Folyóirat |
|---|---|
| Megjelent: |
1914
|
| Sorozat: | A Pénzvilág
4 No. 1 |
| Online Access: | http://misc.bibl.u-szeged.hu/69096 |
| LEADER | 00442nas a2200133 i 4500 | ||
|---|---|---|---|
| 001 | misc69096 | ||
| 005 | 20211013131926.0 | ||
| 008 | 211013s1914 hu o 0|| zxx d | ||
| 040 | |a SZTE Miscellanea Repozitórium |b hun | ||
| 041 | |a zxx | ||
| 245 | 0 | 2 | |a A Pénzvilág. - 4.évf. (1914) 1. sz. |h [elektronikus dokumentum] |
| 260 | |c 1914 | ||
| 490 | 0 | |a A Pénzvilág |v 4 No. 1 | |
| 856 | 4 | 0 | |u http://misc.bibl.u-szeged.hu/69096/1/penzvilag_1914_001.pdf |z Dokumentum-elérés |